01589 2200205 4500001002100000005001500021035002000036008004100056245007300097100001900170250000600189260003800195300001200233084001400245082000800259650001000267520108200277990001201359990001201371INLIS00000000000083720240607100507 a0010-0524000072240607 1 ind 1 aFor Ever You, Kita Berjalan Dengan Tujuan Yang Sama /cSri Marflower aMarflower, Sri a1 aYogyakarta :bSheila/ Andi,c2014 a234 hlm a813 SRI f a813 4aFiksi aJi Ho! Nama itu tidak ingin Hanny dengar lagi dalam kehidupannya. Setelah rentetan masalah yang Hanny hadapi, kekasihnya itu malah pergi meninggalkannya bersama wanita lain untuk menikah. Wanita itu adalah sahabat Hanny sendiri. Jika diminta memilih, Hanny ingin hidup sebagai orang lain, menjalani hidup layaknya orang lain, mempunyai keluarga yang utuh, kasih sayang yang selalu tercurahkan, dan dengan materi yang tercukupi. Namun, semua itu hanya mimpi bagi Hanny sehingga ia harus tertidur dahulu untuk memperolehnya. Kencan buta yang sudah direncanakan Nana matang-matang, berakibat fatal bagi sahabatnya Eun Hanny. Pria yang dipilih Nana memang sesuai dengan kriteria yang Hanny inginkan, tetapi Hanny malah membuat masalah dengan mengaku sebagai kekasih dari pria lain, yang akan melamar pacarnya di sebuah restoran terkenal, tempat ia bertemu dengan pasangan kencan butanya saat itu. Sungguh membingungkan ya? Apakah Hanny akan mendapatkan cinta sejatinya yang diimpikan-impikan? Yuk ikuti kisah pencarian cinta dan liku kehidupan Hanny yang rumit dalam novel ini. a0741274 a0741275